000 00887nam a22001337a 4500
040 _cRUA
082 _aAVM HIN 2011 B099 Or.1
100 _aHING, MONYRONG.
245 _aEffect of duck weed and em bokashi supplementation in to CP concentrate on growing of avian broiler at animal experimental station of rua, ឥទ្ធិពលនៃការបន្ថែមចកបាយទា និងEM KOKASHI ក្នុងចំណីផ្សំស៊ី.ភី ទៅលើការលូតលាស់របស់មាន់សាច់ពូជAVIAN នៅស្ថានីយពិសោធន៍សត្វនៃសាកលវិទ្យាល័យភូមិន្ទកសិកម្ម
260 _aPhnom Penh
_bRUA
_c2011
300 _ax; 39p.
_bill.
_c29cm.
856 _uhttps://drive.google.com/file/d/1fNUxqXe_dJkRHqMCOEg7ahhnDbB9Jn3v/view?usp=sharing
942 _cAVM
999 _c2552
_d2552